| 000 | 00861nam a22002297a 4500 | ||
|---|---|---|---|
| 999 |
_c20954 _d20954 |
||
| 003 | AR-CdUCM | ||
| 008 | 190313b ||||| |||| 00| 0 spa d | ||
| 040 |
_aMUNICIPALIDAD PROVINCIAL DEL CUSCO _cBIBLIOTECA MUNICIPAL DEL CUSCO |
||
| 082 |
_a372 / _bR68 _22ed. |
||
| 100 |
_aRivera Cáceres, Nicanor _917847 |
||
| 245 |
_aEvaluación de lectura, escritura, cálculo, ortografía... : _b(libreta de calificaciones) / |
||
| 260 |
_aLima : _c1953. |
||
| 300 |
_a131 páginas ; _c22 cm. |
||
| 440 |
_aColección nueva educación. _917848 |
||
| 500 | _a[libro reempastado] | ||
| 505 | _aContenido: Libreta de calificaciones -- Diferencia entre prueba objetiva y prueba pedagógica -- El tiempo y las pruebas pedagógicas... | ||
| 650 |
_aEducación _9460 |
||
| 650 |
_aPerú _935 |
||
| 650 |
_aMaterial educativo _943719 |
||
| 942 |
_2ddc _cLIBROS |
||
| 945 | _aAndy | ||